Case Studies in Marketing The Indian Context (Record no. 6061)

MARC details
000 -LEADER
fixed length control field 00342nam a2200145Ia 4500
003 - CONTROL NUMBER IDENTIFIER
control field OSt
008 - FIXED-LENGTH DATA ELEMENTS--GENERAL INFORMATION
fixed length control field 191201s2014 xx 000 0 und d
082 ## - DEWEY DECIMAL CLASSIFICATION NUMBER
Classification number 658.83
Item number SRC
100 ## - MAIN ENTRY--PERSONAL NAME
Personal name SRINIVASAN, R
245 #0 - TITLE STATEMENT
Title Case Studies in Marketing The Indian Context
260 ## - PUBLICATION, DISTRIBUTION, ETC. (IMPRINT)
Place of publication, distribution, etc New Delhi
Name of publisher, distributor, etc PHI
Date of publication, distribution, etc 2014
300 ## - PHYSICAL DESCRIPTION
Extent 398
650 ## - SUBJECT ADDED ENTRY--TOPICAL TERM
Topical term or geographic name as entry element BBA
942 ## - ADDED ENTRY ELEMENTS (KOHA)
Source of classification or shelving scheme Dewey Decimal Classification
Koha item type Text Books
Holdings
Withdrawn status Lost status Source of classification or shelving scheme Damaged status Not for loan Collection code Home library Current library Date acquired Source of acquisition Cost, normal purchase price Bill Number Total Checkouts Full call number Acc. no. / Barcode Date last seen Actual Cost, discounted price Bill Date Koha item type
    Dewey Decimal Classification     BBA PIET C-LIBRARY PIET C-LIBRARY 19/01/2015 KIRTI PRAKASHAN, NEW DELHI 395.00 IN2080   658.83 SRC 25047 04/12/2019 260.70 12/01/2015 Text Books
    Dewey Decimal Classification     BBA PIET C-LIBRARY PIET C-LIBRARY 19/02/2015 KIRTI PRAKASHAN, NEW DELHI 395.00 IN2205   658.83 SRC 25637 04/12/2019 260.70 14/02/2015 Text Books

Design & Developed by: PIET Central Library
R70 Miles Stone Pattikalyana Samalkha Panipat 132102
mail ID :- [email protected], Phone No:- 0180-2569700 Ex.216